Business Law and Practice 2023/24 (Record no. 3992)

MARC details
005 - DATE AND TIME OF LATEST TRANSACTION
control field 20250613131246.0
020 ## - INTERNATIONAL STANDARD BOOK NUMBER
International Standard Book Number 978-1-915469-41-0
082 ## - DEWEY DECIMAL CLASSIFICATION NUMBER
Classification number 346.7 MAV
100 ## - MAIN ENTRY--PERSONAL NAME
Author name MAVRIKAKIS, A.
245 ## - TITLE STATEMENT
Title Business Law and Practice 2023/24
260 ## - PUBLICATION, DISTRIBUTION, ETC.
Place of publication, distribution, etc. Portsmouth,
Name of publisher, distributor, etc. College of Law Publishing,
Date of publication, distribution, etc. 2023.
300 ## - PHYSICAL DESCRIPTION
Extent xxxviii, 577p.: ill.; figure, table.
Other physical details Index.
Dimensions 30cm.
700 ## - ADDED ENTRY--PERSONAL NAME
Other authors/Editors ALLISON, S, KEMPTON, J. & HANCOCK, N.
942 ## - ADDED ENTRY ELEMENTS (KOHA)
Source of classification or shelving scheme Dewey Decimal Classification
Koha item type Books
Holdings
Date last seen Total checkouts Full call number Barcode Cost, replacement price Price effective from Koha item type Lost status Source of classification or shelving scheme Damaged status Not for loan Withdrawn status Home library Current library Shelving location Date acquired Cost, normal purchase price
06/13/2025   346.7 MAV 00000012966 640490.76 06/13/2025 Books   Dewey Decimal Classification       College of Business Education Main Library College of Business Education Main Library General Collection 09/17/2024 213496.92
06/13/2025   346.7 MAV 00000012967 640490.76 06/13/2025 Books   Dewey Decimal Classification       College of Business Education Main Library College of Business Education Main Library General Collection 09/17/2024 213496.92
06/13/2025   346.7 MAV 00000012968 640490.76 06/13/2025 Books   Dewey Decimal Classification       College of Business Education Main Library College of Business Education Main Library General Collection 09/17/2024 213496.92
06/13/2025   346.7 MAV 00000012969 640490.76 06/13/2025 Books   Dewey Decimal Classification       College of Business Education Main Library College of Business Education Main Library General Collection 09/17/2024 213496.92
06/13/2025   346.7 MAV 00000012970 640490.76 06/13/2025 Books   Dewey Decimal Classification       College of Business Education Main Library College of Business Education Main Library General Collection 09/17/2024 213496.92